India Aug 15 1997 (Record no. 52590)

MARC details
000 -LEADER
fixed length control field 00384nam a2200145Ia 4500
008 - FIXED-LENGTH DATA ELEMENTS--GENERAL INFORMATION
fixed length control field 211109s9999||||xx |||||||||||||| ||und||
082 ## - DEWEY DECIMAL CLASSIFICATION NUMBER
Classification number 954.903
Item number RAV-I
100 ## - MAIN ENTRY--PERSONAL NAME
Personal name Ravi, N
245 #0 - TITLE STATEMENT
Title India Aug 15 1997
260 ## - PUBLICATION, DISTRIBUTION, ETC.
Name of publisher, distributor, etc. Hindu
Place of publication, distribution, etc. Chennai
Date of publication, distribution, etc. 1900
300 ## - PHYSICAL DESCRIPTION
Extent 146p.
630 ## - SUBJECT ADDED ENTRY--UNIFORM TITLE
General subdivision REFERENCE READING ROOM
650 ## - SUBJECT ADDED ENTRY--TOPICAL TERM
Topical term or geographic name entry element HISTORY &GEOGRAPHY
942 ## - ADDED ENTRY ELEMENTS (KOHA)
Koha item type BOOK
650 ## - SUBJECT ADDED ENTRY--TOPICAL TERM
Form subdivision SOUTH ASIA
General subdivision INDIAGeneralia146p.
Holdings
Withdrawn status Lost status Damaged status Not for loan Home library Current library Date acquired Cost, normal purchase price Total Checkouts Full call number Barcode Shelving location Date last seen Price effective from Koha item type
        SB LIBRARY SB LIBRARY 09/11/2021 100.00   954.903 RAV-I 00094832 REFERENCE READING ROOM 09/11/2021 09/11/2021 BOOK

Powered by Koha